000 01547nam0a22003371 4500
001 v19\rc\1721731
005 20061002172207.5
035 _a(NLR Aleph) 004844061
090 _a4852743
_c4852743
100 _a20061002d1911 |||y0rusy50 ca
101 1 _arus
_cger
102 _aRU
105 _aac z |||||
200 1 _aТри месяца среди людоедов Суматры
_fБреннер
_gСокр. пер. с нем. Н. Березина
210 _aСанкт-Петербург
_cтип. Тренке и Фюсно
_d1911
215 _a182 с.
_cил., портр.
_d18
225 1 _aБиблиотека юного читателя
_eЖурн. для детей старшего возраста
_v№ 11. 1 июня 1901 г.
300 _aАвт. указан в предисл.
300 _aЗагл. обл.: Три месяца среди людоедов
512 0 _aТри месяца среди людоедов
700 1 _6z01790
_aБреннер фон Фельзах
_bИ. М. Г.
_f1859-
_gИоахим Мария Генрих
702 1 _aБерезин
_bН. И.
_cгеограф, библиограф
_f1866-1938
_gНиколай Ильич
_3RU\NLR\AUTH\7727181
_4730
790 1 _6z01700
_aФельзах
_bИ. М. Г. Б. фон
_f1859-
_gИоахим Мария Генрих Бреннер фон
801 0 _aRU
_bNLR
_gpsbo
801 0 _aRU
_bRuMoRGB
_2psbo
801 1 _aRU
_bProSoft-M
_2rusmarc
852 _aNLR
_j38.80.8.6
899 _aRuMoRGB
_jU 72/178
899 _aБАН
942 _cBOOK
980 _aNB